000 02146cam a22006494i 4500
003 PE-LiUPU
005 20250731170449.0
008 150706s2009 mx a rb 000 0 spa d
020 _a6074480184
020 _a9786074480184
035 _a(Sirsi) i9786074480184
040 _aPE-LiUPU
_bspa
_cPE-LiUPU
_dPE-LiUPU
_erda
049 _aPRUA
082 0 4 _a153.98
_bE2
_221
100 1 _aLópez Suárez, Adolfo,
_eautor.
245 1 3 _aLa educación del dotado en los niveles G10 /
_cAdolfo López Suárez.
264 1 _aMéxico :
_bManual Moderno,
_c2009.
300 _a117 páginas :
_bilustraciones ;
_c21 centímetros
336 _atext
_2rdacontent
337 _aunmediated
_2rdamedia
338 _avolume
_2rdacarrier
504 _aIncluye bibliografía.
505 0 _aDotados, operacionalización de un concepto -- Detección y diagnóstico -- Atención educativa.
526 _aSEG68
526 _aSEG70
526 _aSEG69
526 _aSEG67
526 _aSEG43
526 _aP144
526 _aP143
526 _aP131
526 _aP122
526 _aP120
526 _aP117
526 _aP112
526 _aP110
526 _aP106
526 _aP101
526 _aP80
526 _aP59
526 _aP54
526 _aP35
526 _aP33
526 _aP30
541 _g001-0031616;
650 0 4 _aAceleración educacional
_zMéxico.
650 0 4 _aPersonas dotadas
_xEducación
_zMéxico.
650 0 4 _aPersonas dotadas
_xIdentificación.
650 0 4 _aPersonas dotadas
_xPsicología
_vEstudios longitudinales.
710 2 _aCentro Universitario de Ixtlahuaca
910 _bjv
_cjvm
_d20100615
942 _2ddc
_cBOOK
949 _a153.98 E2
_wDEWEY
_c1
_i61837
_lCCODEBUL1
_mBUL
_p15.00
_r0
_sY
_tBOOK
_u2015-7-6
_xSALUD
_PP33
_0COMPRA
_o.STAFF. Colección Ciencias de la Salud
994 _aC0
_bPEPRU
596 _a1
999 _a153.98 E2
_wDEWEY
_c50985
_i61837
_d50985
_f2021-11-3
_g5
_lCCODEBUL1
_mBUL
_p15.00
_q1
_r0
_sY
_tBOOK
_u2015-7-6
_xSALUD
_zP33
_0COMPRA
_o.STAFF. Colección Ciencias de la Salud
980 _81
_gALBERTO SANCHEZ Responsable de Automatización